| 000 | 01085 a2200205 4500 | ||
|---|---|---|---|
| 999 |
_c330173 _d330173 |
||
| 003 | NUST | ||
| 005 | 20170612122511.0 | ||
| 008 | 170612b xxu||||| |||| 00| 0 eng d | ||
| 040 |
_aDLC _bDLC _c0 |
||
| 082 | _a572 NEL | ||
| 100 |
_aNelson, David L. _92460 |
||
| 245 |
_aLehninger Principles of biochemistry _c David L, Nelson |
||
| 250 | _a4th ed. | ||
| 260 |
_aIslamabad: _b National Book Foundation, _c2007. |
||
| 300 |
_axli, 1119+ p. : _bill. ; _c 29 cm. |
||
| 500 | _aIncludes bibliographical references and index | ||
| 501 | _aH.B | ||
| 650 |
_aBiochemistry. _92455 |
||
| 942 |
_cBK _k572 NEL _2ddc |
||